[Event "zonal 2.3"]
[Site "Xalapa MEX"]
[Date "1999.??.??"]
[Round "?"]
[White "Blanco Sing, Israel"]
[Black "Alvarez Marquez, Johann C."]
[Result "1-0"]
[WhiteElo "2349"]
[BlackElo "2204"]
[EventDate "1999.09.16"]
[PlyCount "53"]

1.e4 c5 2.Nf3 d6 3.d4 cxd4 4.Nxd4 Nf6 5.Nc3 a6 6.Bc4 e6 7.Bb3 b5 8.Qe2 Be7
9.g4 b4 10.Na4 Bb7 ( {Se hab a jugado} 10...d5 11.e5 Nfd7 12.g5 Bb7 13.f4 
Nc6 14.Be3 Qa5 15.c3 Nxd4 16.Bxd4 Bc6 17.Qd1 O-O 18.O-O Rab8 $15 {
Djurhuus,R-De Firmian,N/Troll Masters 1994.} ) 11.f3 d5 12.g5 $146 ( 12.
Be3 dxe4 13.O-O-O exf3 14.Nxf3 Nbd7 15.Nb6 O-O 16.Nxa8 Qxa8 17.Rhf1 a5 18.
Bg5 Ba6 19.Bc4 Bxc4 20.Qxc4 Rc8 21.Qe2 Qb7 {Velez,N-Sunye 
Neto,J/Capablanca mem-A 1985/MCL/1/2-1/2 (41)} ) 12...dxe4 13.gxf6 Bxf6 
14.Be3 $2 ( {Mejor era} 14.c3 $142 ) 14...Bxd4 15.O-O-O Bxe3+ $2 ( {
Esparciendo al viento la ventaja conseguida.} 15...exf3 16.Qf2 Bxe3+ 17.
Qxe3 Qc7 $17 ) 16.Qxe3 Qc7 17.Rhg1 g6 $14 ( 17...Rg8 18.Nb6 Ra7 19.fxe4 
$14 ) 18.Nc5 ( 18.Nb6 Ra7 19.fxe4 a5 ( 19...Qxh2 $2 {podria ser bueno 
excepto por} 20.Nc4 Nc6 21.Ba4 $18 ) 20.Ba4+ Bc6 21.Bxc6+ Nxc6 $16 ) 18...
O-O ( 18...Bc6 19.fxe4 Nd7 20.Nxd7 Bxd7 21.Qd4 $44 ) 19.h4 Bd5 ( 19...exf3
20.h5 f2 21.Qxf2 $16 ) 20.h5 ( 20.Bxd5 $5 {es una idea interesante} 20...
exd5 21.fxe4 $14 ) 20...Bxb3 ( 20...exf3 21.hxg6 fxg6 22.Rxd5 $18 ) 21.
hxg6 {[Amenazando mate: gxh7. ]} 21...fxg6 ( 21...Bxa2 $4 {Tomar el peón 
es de ingenuos:} 22.gxh7+ Kh8 23.Qg5 Qf4+ 24.Qxf4 f6 25.Qg4 Ra7 26.Qg8+ 
Rxg8 27.hxg8=Q# ) 22.axb3 Rc8 ( 22...exf3 $2 {no parece bueno} 23.Nxe6 Qe7
24.Qe4 $18 ) 23.Rg5 ( {Era tentador} 23.Qh6 Qxc5 24.Rxg6+ hxg6 25.Qxg6+ 
Kf8 26.Qf6+ Ke8 27.Qg6+ Ke7 28.Qg7+ Ke8 29.Qg6+ Kf8 30.Qf6+ Kg8 31.Qg6+ 
Kf8 $11 {, pero no funcionaba.} ) 23...e5 24.Rd5 Nd7 $4 $18 ( {Luego de 
esta jugada las negras se derrumban; podrian sobrevivir un poco m s con} 
24...exf3 $142 ) 25.Rxd7 Qxc5 26.Qxe4 Qc6 27.Rd8+ $3 {[Comentarios: IM 
Héctor Leyva. (1999). || Fuente: Leyva, Héctor. Art culo "El GM Jesús 
Nogueiras primer clasificado para el Mundial del 2000". ReseÅ„a y 
selección de partidas del Torneo Zonal 2.3 Absoluto de la FIDE 1999. Notas
Maestras del maestro internacional Héctor Leyva Paneque. Sección Columnas 
de Ajedrez. Sitio web SUPERAJEDREZ. (1999, nota número 02). Espacio 
virtual oriundo de Argentina. Estuvo disponible hasta el aÅ„o 2003 en la 
dirección: http://www.ciudadfutura. com/superajedrez/zonal23.htm ]} ( 27.
Rd8+ Rxd8 28.Qxc6 $18 ) 1-0

[Event "zonal 2.3"]
[Site "Xalapa MEX"]
[Date "1999.??.??"]
[Round "?"]
[White "Perez Garcia, Rodney"]
[Black "Minero Pineda, Sergio"]
[Result "1-0"]
[WhiteElo "2478"]
[BlackElo "2382"]
[EventDate "1999.09.16"]
[PlyCount "71"]

1.e4 e6 2.d4 d5 3.Nc3 Nf6 4.Bg5 Be7 5.e5 Nfd7 6.Bxe7 Qxe7 7.f4 a6 8.Nf3 b6
9.Qd2 c5 10.Nd1 Nc6 11.c3 f5 12.exf6 Nxf6 13.Nf2 cxd4 14.cxd4 $146 ( {Una 
ronda m s tarde, Gildardo varió y tomó de caballo, quedando con ligera 
ventaja.} 14.Nxd4 Nxd4 15.Qxd4 Qc5 16.O-O-O O-O 17.g3 Bd7 18.Bh3 Rac8 19.
Rhe1 Rc6 20.Kb1 Rfc8 21.Re3 Qf8 22.Rde1 Re8 23.Bf1 b5 {Garcia,G-Minero,S/ 
Zonal 2.3 Mexico 1999/0-1 (52)} ) ( 14.Nxd4 Bb7 $14 ) 14...O-O $14 ( {La 
debilidad en e6 y el peor alfil de las negras inclinan a favor de las 
blancas la ventaja. Si} 14...Ne4 15.Nxe4 dxe4 16.Ng5 $16 ) 15.Bd3 Bd7 16.
O-O Nb4 17.Bb1 Nc6 18.Re1 a5 ( 18...Rfc8 19.Ne5 $14 ) 19.a3 Qd6 20.Ne5 Be8
21.Bc2 Nd7 22.Qd3 $1 {[Busca debilitar las casillas negras y quitarle 
movilidad al alfil negro. ]} 22...g6 23.Qe3 $14 ( {Era interesante} 23.
Nxc6 $5 Qxc6 24.g3 Rc8 25.Re2 $16 ) 23...Rc8 24.Rac1 Ne7 ( 24...Ncxe5 25.
dxe5 Qe7 26.Qd2 $16 ) 25.Nfg4 Nf6 26.Nf2 ( 26.Nxf6+ $5 Rxf6 27.Bd3 $16 ) 
26...Bb5 $14 ( 26...Nd7 27.Qd2 Nc6 $16 ) 27.g4 Nd7 28.Nh3 ( 28.a4 Ba6 29.
Nxd7 Qxd7 $14 ) 28...Nxe5 {[Luego de este cambio la ventaja es abrumadora.
]} 29.fxe5 {[La debilidad de las casillas negras se acentúa m s. ]} 29...
Qd7 30.Bb1 Nc6 31.Kg2 Qe7 32.Kg3 Kg7 33.Rc2 Rf7 34.Ng5 Rff8 35.Rec1 Na7 $4
$18 ( 35...h6 $142 {, podr a traer un alivio.} 36.Nf3 Qd7 $14 ) 36.Rc7 $3 
{[Un enérgico y lógico sacrificio. ] [Comentarios: IM Héctor Leyva. 
(1999). || Fuente: Leyva, Héctor. Art culo "El GM Jesús Nogueiras primer 
clasificado para el Mundial del 2000". ReseÅ„a y selección de partidas del
Torneo Zonal 2.3 Absoluto FIDE 1999. Notas Maestras del maestro 
internacional Héctor Leyva Paneque. Sección Columnas de Ajedrez. Sitio web
SUPERAJEDREZ. (1999, nota número 02). Espacio virtual oriundo de 
Argentina. Estuvo disponible hasta el aÅ„o 2003 en la dirección: 
http://www. ciudadfutura.com/superajedrez/zonal23.htm ]} ( 36.Rc7 Rxc7 37.
Rxc7 $18 ) 1-0

[Event "zonal 2.3"]
[Site "Xalapa MEX"]
[Date "1999.??.??"]
[Round "?"]
[White "Garcia, Gildardo"]
[Black "Almeida Saenz, Alfonso"]
[Result "1-0"]
[WhiteElo "2445"]
[BlackElo "2407"]
[EventDate "1999.09.16"]
[PlyCount "75"]

1.e4 c5 2.Nf3 d6 3.c3 Nf6 4.Be2 Bd7 5.d3 e6 6.O-O Be7 7.Nbd2 Bc6 8.Re1 
Nbd7 9.Bf1 Ne5 10.h3 Qc7 11.Nh2 g5 12.d4 Ng6 13.b4 b6 14.bxc5 bxc5 15.Rb1 
O-O 16.Ng4 Kg7 17.Nxf6 Bxf6 18.Nf3 h6 19.Bd3 Rfd8 20.Be3 c4 21.Bc2 Qa5 22.
Qd2 e5 23.h4 Nxh4 24.Nxh4 gxh4 25.Bxh6+ Kg6 26.Be3 Qc7 27.f4 Rh8 28.Rf1 
Rag8 29.fxe5 dxe5 30.Qf2 Qe7 31.d5 Ba8 32.Bc5 Qd8 33.Qf5+ Kg7 34.Rb8 Qxb8 
35.Qxf6+ Kh7 36.Qxh4+ Kg6 37.Rf6+ Kg7 38.Qg5+ 1-0

[Event "zonal 2.3"]
[Site "Xalapa MEX"]
[Date "1999.??.??"]
[Round "?"]
[White "Leyva Paneque, Hector"]
[Black "Blanco Sing, Israel"]
[Result "1-0"]
[WhiteElo "2410"]
[BlackElo "2349"]
[EventDate "1999.09.16"]
[PlyCount "79"]

1.d4 Nf6 2.Nf3 g6 3.c4 Bg7 4.Nc3 O-O 5.e4 d6 6.Be2 e5 7.d5 a5 8.Bg5 Na6 ( 
{Lo mejor en este momento es} 8...h6 9.Bh4 Na6 {. El movimiento de la 
partida le permite a las blancas jugar libremente.} ) 9.Nd2 Nc5 10.h4 $1 {
[Cuando el centro est cerrado, no hay peligro de atacar con el rey en el 
centro. ]} 10...h5 11.Nb3 $1 {[Este caballo es la pieza m s activa de las 
negras; lo correcto es cambiarla por el caballo de d2, que est m s pasivo.
]} 11...b6 12.Nxc5 bxc5 13.g4 {[Como dec a Steinitz: Cuando se tiene 
ventaja se est obligado a atacar, de lo contrario se corre el riesgo de 
perder la ventaja. La ventaja blanca se basa en su ventaja de espacio 
central. Esto restringe a las negras en su movilidad, por tanto le es 
dificil desplazarse de un sector del tablero a otro, y se debe aprovechar 
que la torre de h1 est en esa columna, para abrirla y atacar al monarca 
negro. ]} 13...hxg4 14.h5 Qd7 15.h6 Bh8 16.Rg1 Kh7 17.Qd3 Ne8 {[Las negras
est n esperanzadas en lo cerrada que esta la posición y sacrifican la 
dama. ]} 18.Bxg4 Qxg4 19.Rxg4 Bxg4 20.f3 Bd7 21.a4 {[Impide el avance del 
peón de a5 y le brinda un apoyo m s para el caballo de c3. ]} 21...f5 22.
O-O-O f4 23.Nb5 Bf6 24.Bxf6 Rxf6 25.Rg1 $1 {Esta jugada es buena, ya que 
impide el avance de g5; la idea es llevar la dama a g5 y conjugar las 
amenazas en c7 y g6. ]} 25...Kxh6 $2 {[Muy mala elección. Este peón nunca 
se debió comer, ya que permite la entrada inmediata de las piezas blancas.
]} 26.Rh1+ Kg7 27.Qd2 Bxb5 28.Qh2 {[No hay que apresurarse en capturar de 
inmediato, es mejor mejorar la posición de las piezas por medio de 
amenazas t cticas. ]} 28...Kf7 29.Qh8 Ke7 30.cxb5 Rf8 31.Rh7+ Rf7 32.Qg8 
Rxh7 33.Qxh7+ Kf6 {[El plan de las blancas es muy sencillo: llevar el rey 
hasta g5 y capturar el peón de g6. ]} 34.Qg8 Kg5 35.Qf8 Kh5 36.Kd2 g5 37.
Ke2 Kg6 38.Qg8+ Kf6 39.Kf2 Rd8 $4 $138 40.Qe6+ {[Ganando la torre. ] 
[Comentarios: IM Héctor Leyva. (1999). || Fuente: Leyva, Héctor. Art culo 
"El GM Jesús Nogueiras primer clasificado para el Mundial del 2000". 
ReseÅ„a y selección de partidas del Torneo Zonal 2.3 Absoluto FIDE 1999. 
Notas Maestras del maestro internacional Héctor Leyva Paneque. Sección 
Columnas de Ajedrez. Sitio web SUPERAJEDREZ. (1999, nota número 02). 
Espacio virtual oriundo de Argentina. Estuvo disponible hasta el aÅ„o 2003
en la dirección: http://www.ciudadfutura. com/superajedrez/zonal23.htm ]} 
1-0

[Event "zonal 2.3"]
[Site "Xalapa MEX"]
[Date "1999.??.??"]
[Round "?"]
[White "Alvarez Marquez, Johann C."]
[Black "Hernandez Guerrero, Gilberto"]
[Result "1-0"]
[WhiteElo "2204"]
[BlackElo "2568"]
[EventDate "1999.09.16"]
[PlyCount "81"]

1.d4 Nf6 2.c4 c5 3.d5 g6 4.Nc3 Bg7 5.e4 d6 6.h3 O-O 7.Nf3 e6 8.Bd3 Na6 9.
O-O e5 10.Ne2 Bd7 11.Bg5 h6 12.Be3 Nb4 13.Bb1 b5 14.a3 Na6 15.Qc1 Kh7 16.
Nd2 Qe7 17.f3 Rab8 18.Bd3 Nc7 19.b4 bxc4 20.Nxc4 Nb5 21.bxc5 dxc5 22.d6 
Qe6 23.f4 Nxe4 24.Bxe4 exf4 25.Rxf4 f5 26.Bd3 Bxa1 27.Qxa1 g5 28.Rxf5 Rxf5
29.Ng3 Nxd6 30.Nh5 Ne8 31.g4 Qd5 32.Qf1 Rb3 33.Bxf5+ Bxf5 34.gxf5 Rc3 35.
f6 Kg8 36.Qb1 Rxc4 37.Qg6+ Kf8 38.Qxh6+ Kf7 39.Qh7+ Ke6 40.Qg8+ Kd6 41.
Qxd5+ 1-0

[Event "zonal 2.3"]
[Site "Xalapa MEX"]
[Date "1999.??.??"]
[Round "?"]
[White "Alzate, Dario"]
[Black "Sequera Paolini, Jose R."]
[Result "1-0"]
[WhiteElo "2403"]
[BlackElo "2340"]
[EventDate "1999.09.16"]
[PlyCount "83"]

1.d4 e6 2.Nf3 f5 3.g3 Nf6 4.Bg2 Be7 5.c4 c6 6.O-O O-O 7.b3 a5 8.Bb2 d5 9.
Ne5 ( 9.Nbd2 Ne4 ( 9...Bd7 10.Ne5 Be8 11.Ndf3 Ne4 12.Ne1 a4 13.Rc1 axb3 
14.axb3 Nd7 15.Nxd7 Qxd7 16.Nd3 Bd6 17.f3 Nf6 18.Ne5 Qe7 19.Qc2 {Joanpera 
Morales,A-Teran,I/ESP-chT 1997/EXP 60/1/2-1/2 (84)} ) 10.Ne5 Nd7 11.Ndf3 
Bd6 12.Qc2 Qe7 13.Rac1 Ndf6 14.c5 Bc7 15.Ne1 Nh5 16.e3 g5 17.f3 Nef6 18.
N1d3 Bd7 {Safin,S-Ilinsky,V/Bishkek zt 1993/CBM 35/0-1 (46)} ) ( 9.Nc3 Bd7
10.c5 Be8 11.a3 Ne4 12.Ne5 Nd7 13.Nxd7 Qxd7 14.Na4 Bd8 15.f3 Nf6 16.b4 Bc7
17.e3 g5 18.Bc3 h5 {Soppe,G-Larsen,B/San Martin 1994/CBM 42/1-0 (44)} ) ( 
9.Nbd2 Ne4 $14 ) 9...Nbd7 10.Nd3 Qe8 11.Nd2 {[El plan de las blancas es el
correcto: controlar la casilla debil de e5. ]} 11...Bd6 12.Nf3 Ng4 ( 12...
Ne4 13.c5 Bc7 14.Qc2 $14 ) 13.Qc1 Rf6 ( 13...a4 14.h3 a3 15.Bc3 $16 ) 14.
h3 Nh6 15.Ba3 Bb8 16.Qe3 f4 ( 16...b5 17.Rfc1 $14 ) 17.Nxf4 Bxf4 ( 17...b5
18.Rac1 $16 ) 18.gxf4 Qh5 ( 18...b5 19.Rfc1 $16 ) 19.Ne5 Nf5 20.Qf3 Qe8 
21.Kh1 Nxd4 22.Qd3 Nf5 23.Nf3 Qh5 24.e4 dxe4 25.Qxe4 Nh6 26.Rad1 {[Las 
negras comienzan a sentir la falta de desarrollo. ]} 26...Nf7 27.Rfe1 e5 {
[Es peligroso abrir la posicion cuando se tiene falta de desarrollo. ]} ( 
27...c5 $5 {es merecedora de consideración.} ) 28.fxe5 {[Blanco con fuerte
ataque al rey. ]} 28...Ndxe5 $4 ( {La posición era mala y este error 
simplemente acelera el final. Mejor era} 28...Re6 $142 29.Bb2 Nc5 $16 ) 
29.Qxe5 $1 ( {Aprovechando la debilidad en la octava horizontal. Si} 29.
Nxe5 $2 Bxh3 30.Rd4 Rxf2 $19 ) 29...Nxe5 ( {Si} 29...Qxe5 {?Qué hacer?} 
30.Nxe5 Be6 $18 ) 30.Rd8+ Kf7 31.Nxe5+ Ke6 ( 31...Qxe5 {, es como 
agarrarse a un clavo ardiendo.} 32.Rxe5 g5 $18 ) 32.Ng4+ {maniobra para 
ganar tiempo en el reloj} ( {Maniobra para ganar tiempo en el reloj. Si} 
32.Ng6+ Qe2 {y el Negro tiene que devolver alguna de sus ganancias.} 33.
Rxe2+ Kf5 34.Ne7+ Kg5 35.Bc1+ Rf4 36.Bxf4+ Kxf4 37.Rf8+ Kg5 38.Re5+ Kh6 
39.Ng8+ Kg6 40.Be4+ Bf5 41.Rfxf5 Rxg8 42.Re6# ) 32...Kf7 ( 32...Kf5 {. 
Esto no es la salvacion:} 33.Re5+ Kg6 34.Rxh5 Bxg4 35.Rg5+ ( 35.hxg4 $6 
Rxd8 36.Bc5 Re6 $18 ) 35...Kxg5 36.Rxa8 Rxf2 37.Be7+ Kf4 38.hxg4 Rxa2 39.
Ra7 $18 ) 33.Ne5+ ( 33.Re7+ $142 {, acabando con el oponente.} 33...Kg6 
34.Nxf6 Bxh3 35.Nxh5 Bxg2+ 36.Kxg2 Rxd8 37.Nf4+ Kf6 38.Rxg7 $18 ) 33...Ke6
34.Nxc6+ ( 34.Ng6+ Qe2 {y el Negro tiene que devolver el material.} 35.
Rxe2+ Kf5 36.Ne7+ Kg5 37.Bc1+ Rf4 38.Bxf4+ Kxf4 39.Rf8+ Kg5 40.Re5+ Kh6 
41.Ng8+ Kg6 42.Be4+ Bf5 43.Rfxf5 Rxg8 44.Re6# ) 34...Kf7 35.Ne5+ Ke6 ( 
35...Qxe5 {, un último esfuerzo para resistirse a lo inevitable:} 36.Rxe5 
a4 $18 ) 36.Ng4+ ( 36.Ng6+ Qe2 37.Rxe2+ Kf5 38.Ne7+ Kg5 39.Bc1+ Kh4 40.
Re4+ Rf4 41.Rxf4+ Kh5 42.Rd5+ g5 43.Rxg5+ Kxg5 44.Rf7+ Kh4 45.Rxh7# ) 
36...Kf7 37.Ne5+ ( 37.Nxf6 $142 {y Blanco se impone.} 37...Kxf6 38.Rd6+ 
Kf7 39.Bd5+ Qxd5+ 40.Rxd5 $18 ) 37...Ke6 38.Ng6+ Kf5 ( 38...Qe2 39.Rxe2+ 
Kf5 40.Ne7+ Kg5 41.Bc1+ Kh4 42.Re4+ Rf4 43.Rxf4+ Kh5 44.Rd5+ g5 45.Rxg5+ 
Kxg5 46.Rf7+ Kh4 47.Rxh7# ) 39.Ne7+ $18 ( 39.Be4+ Kg5 40.Bc1+ Rf4 41.Bxf4+
Kf6 42.Rf8+ Ke6 43.Bf5# ) 39...Kg5 {(Con el plan de jugar Axh3. )} 40.Bc1+
Kh4 41.Rxc8 Rxf2 ( 41...Re6 42.Rxe6 Qd1+ 43.Kh2 Qxc1 44.Nf5+ Kg5 45.Rc5 g6
46.h4+ Kg4 47.Nh6+ Qxh6 48.f3+ Kxh4 49.Re4+ Qf4+ 50.Rxf4# ) 42.Rxa8 {
[Comentarios: IM Héctor Leyva. (1999). || Fuente: Leyva, Héctor. Art culo 
"El GM Jesús Nogueiras primer clasificado para el Mundial del 2000". 
ReseÅ„a y selección de partidas del Torneo Zonal 2.3 Absoluto FIDE 1999. 
Notas Maestras del maestro internacional Héctor Leyva Paneque. Sección 
Columnas de Ajedrez. Sitio web SUPERAJEDREZ. (1999, nota número 02). 
Espacio virtual oriundo de Argentina. Estuvo disponible hasta el aÅ„o 2003
en la dirección: http://www.ciudadfutura.com/superajedrez/zonal23.htm ]} (
42.Rxa8 Rc2 43.Re4+ Kg3 44.Bf4+ Kf2 45.Rd8 $18 ) 1-0

[Event "zonal 2.3"]
[Site "Xalapa MEX"]
[Date "1999.??.??"]
[Round "?"]
[White "Almeida Saenz, Alfonso"]
[Black "Minero Pineda, Sergio"]
[Result "0-1"]
[WhiteElo "2407"]
[BlackElo "2382"]
[EventDate "1999.09.16"]
[PlyCount "88"]

1.c4 g6 2.g3 Bg7 3.Bg2 Nf6 4.Nc3 O-O 5.e4 d6 6.Nge2 e5 7.d4 Nc6 8.d5 Ne7 
9.f3 Nd7 10.Be3 f5 11.Qd2 Nf6 12.O-O Bd7 13.h3 Nh5 14.g4 Nf6 15.Bg5 f4 16.
Bh4 h5 17.Nc1 Kf7 18.Nd3 Rh8 19.Bf2 hxg4 20.fxg4 g5 21.Ne1 Rh7 22.Nf3 Kg6 
23.Qd3 Bxg4 24.hxg4 Qd7 25.c5 Rah8 26.cxd6 cxd6 27.Rfc1 Qxg4 28.Kf1 Qd7 
29.Nb5 a6 30.Nxd6 Ng4 31.Nc4 b5 32.Qa3 bxc4 33.Qxa6+ Bf6 34.Rxc4 Rh1+ 35.
Ng1 Nxf2 36.Kxf2 Qg4 37.Qa3 R8h2 38.Qf3 Qh4+ 39.Kf1 g4 40.Qf2 Qxf2+ 41.
Kxf2 Bh4+ 42.Kf1 f3 43.Bxh1 Rf2+ 44.Ke1 Rxb2+ 0-1

[Event "zonal 2.3"]
[Site "Xalapa MEX"]
[Date "1999.??.??"]
[Round "?"]
[White "Nogueiras Santiago, Jesus"]
[Black "Alzate, Dario"]
[Result "1-0"]
[WhiteElo "2559"]
[BlackElo "2403"]
[EventDate "1999.09.16"]
[PlyCount "91"]

1.Nf3 Nf6 2.d4 c6 3.c4 d5 4.e3 e6 5.Nbd2 Nbd7 6.Bd3 Bd6 7.e4 dxe4 8.Nxe4 
Nxe4 9.Bxe4 Nf6 10.Bc2 Bb4+ 11.Bd2 Qa5 12.a3 Bxd2+ 13.Qxd2 Qxd2+ 14.Kxd2 
b6 15.Ne5 Bb7 16.Kc3 $146 ( {Esta idea es nueva. Se hab a jugado:} 16.f3 
Ke7 17.Rhe1 Rhd8 18.Kc3 a5 19.g4 {Vokac-Bogdanovich Ger-ch 1995} ) 16...
Ke7 17.b4 {[Comparando esta posición con lo que se hab a jugado, hay 
notable progreso. Las blancas se ahorraron el tiempo de f3 y lo han 
utlizado para agilizar la ventaja en el flanco dama; obviamente el 
objetivo principal es mantener el alfil de b7 pasivo. ]} 17...Rhc8 18.a4 
a5 $6 {[Esta jugada no puede ser buena, ya que debilita el flanco dama, 
sector por el que se disponen a atacar las blancas. Steinitz, primer 
Campeón del Mundo, fundador de la base del juego posicional, entre algunos
de sus principios mencionaba que el bando que esta inferior debe 
defenderse y someterse a la voluntad del atacante y esperar el momento 
oportuno de contraatacar. El movimiento de la partida le permite al blanco
mejorar paulativamente la ventaja. M s saludable era la ruptura en c5, 
abriendo la diagonal del alfil de b7 y tratar de abrir la columna c, donde
se encuentra el rey blanco, luego cambiar el caballo de e5 con Cd7. ]} 19.
Rhb1 ( {Obviamente no es bueno en a5, ya que le regalar a un tiempo a las 
negras, luego de} 19.bxa5 Rxa5 20.Rhb1 Ra6 21.Rb2 c5 $1 ) 19...Ba6 20.bxa5
bxa5 21.Rb6 c5 22.Nc6+ Kd7 23.Ne5+ Ke7 24.Bd3 Nd7 25.Nxd7 cxd4+ 26.Kxd4 
Kxd7 27.Rab1 {[Las blancas han alcanzado una ventaja apreciable basada en 
su peón pasado de c4, el dominio de la columna abierta (b) y el rey que 
est m s centralizado. ]} 27...Ra7 28.f4 {[Correcto. La idea es fijar los 
peones del flanco rey, único sector donde puede tener contrajuego las 
negras. ]} 28...Ke7 29.g3 h5 30.Kc3 g6 31.R1b2 Kf6 32.Re2 $1 {[Impide la 
ruptura en e5 y amenaza atacar el peón debil de a5 por la quinta 
horizontal. ]} 32...Rc5 33.Kd4 Rc8 34.Re5 Ke7 35.Rxa5 $18 Rd8+ 36.Kc3 
Rxd3+ 37.Kxd3 Bxc4+ 38.Kxc4 Rxa5 39.Kb4 Rd5 40.a5 {[La partida est pr 
cticamente terminada. ]} 40...Rd2 41.a6 Kd7 ( {No funciona} 41...Rxh2 42.
Kb3 Rh1 43.Ka2 Rh2+ 44.Rb2 {, ganando.} ) 42.a7 Ra2 43.Rb7+ Kd6 44.Rxf7 h4
45.Kb5 hxg3 46.hxg3 {[Partida muy bonita del GM Nogueiras. Aprovechó 
sutilmente los errores del maestro Alzate. ] [Comentarios: IM Héctor 
Leyva. (1999). || Fuente: Leyva, Héctor. Art culo "El GM Jesús Nogueiras 
primer clasificado para el Mundial del 2000". ReseÅ„a y selección de 
partidas del Torneo Zonal 2.3 Absoluto FIDE 1999. Notas Maestras del 
maestro internacional Héctor Leyva Paneque. Sección Columnas de Ajedrez. 
Sitio web SUPERAJEDREZ. (1999, nota número 02). Espacio virtual oriundo de
Argentina. Estuvo disponible hasta el aÅ„o 2003 en la dirección: 
http://www.ciudadfutura.com/superajedrez/zonal23.htm ]} 1-0

[Event "zonal 2.3"]
[Site "Xalapa MEX"]
[Date "1999.??.??"]
[Round "?"]
[White "Nogueiras Santiago, Jesus"]
[Black "Leyva Paneque, Hector"]
[Result "1-0"]
[WhiteElo "2559"]
[BlackElo "2410"]
[EventDate "1999.09.16"]
[PlyCount "109"]

1.c4 e6 2.Nf3 d5 3.b3 Be7 {[Esta idea es muy interesante, ya que trata de 
cambiar el molesto alfil de b2. ]} 4.e3 Bf6 5.d4 c5 6.Bb2 Nc6 7.cxd5 exd5 
8.Qd2 $146 ( {Novedad. Antes se habia jugado} 8.Be2 Nge7 9.Bc3 cxd4 10.
Nxd4 Nxd4 11.Bxd4 Nc6 12.Bb5 O-O $11 {Schulze,S-Giehring,S/BL2-N 1996} ) 
8...cxd4 9.Nxd4 Nge7 10.Be2 Nxd4 11.Bxd4 Nc6 12.Bxf6 Qxf6 13.Nc3 d4 $1 {
[No se debe perder tiempo; hay que aprovechar la debilidad de la diagonal 
a1-h8. ]} 14.Nb5 ( {Si} 14.exd4 Qxd4 15.Qxd4 Nxd4 16.Bd3 O-O 17.O-O Be6 
$11 ) 14...d3 $1 15.Rc1 O-O $1 {Es probable que Nogueiras subestimó la 
fuerza de esta jugada. Las negras sacrifican un peón por la iniciativa; la
misma est fundamentada en la situación del rey blanco en el centro y la 
posición expuesta del caballo de b5. ]} 16.Qxd3 Rd8 17.Qc3 Qg5 18.O-O ( {
Si} 18.g3 {segu a} 18...Bh3 {y el rey se quedar a en el centro.} ) 18...
Bh3 19.Bf3 Rac8 $1 20.Qc4 $8 {[Única jugada para mantener la posición. La 
amenaza era 20...Ce5, ganando. ]} 20...Ne5 ( {Ganar la dama no reportaba 
nada. Si} 20...Nd4 $6 21.Nxd4 Rxc4 22.Rxc4 $14 ) 21.Qe4 Nxf3+ 22.Qxf3 Rxc1
$6 ( {Los tiempos en el ajedrez son importantes. Lo correcto era} 22...
Bxg2 $142 23.Qxg2 Qxb5 $17 24.Rfd1 $2 Rxd1+ 25.Rxd1 Qe2 26.Ra1 Qb2 27.Qf1 
Rc6 ) 23.Rxc1 Bxg2 24.Qxg2 Qxb5 25.h3 h6 26.Qf3 Qd7 $2 $138 ( {Cuando 
realicé el movimiento h3, la idea era trasladar la torre a la columna g y 
atacar el enroque debil de las blancas, pero la falta de tiempo no me 
permitió ver} 26...Rd6 $1 27.Rc8+ ( 27.Rc4 $8 $15 ) 27...Kh7 28.Qxf7 Rg6+ 
29.Kh2 Qe5+ 30.Qf4 ( 30.f4 Qb2+ $19 ) 30...Qa1 $19 ) 27.Kg2 Qe7 28.Qf5 Qd7
29.Qe5 Re8 30.Qd4 Qf5 31.Rc5 ( 31.Qxa7 Qd5+ 32.Kg1 Re6 $11 ) 31...Qg6+ 32.
Qg4 Qxg4+ 33.hxg4 Re7 34.Rc8+ Kh7 35.Kg3 g6 $2 ( 35...g5 $11 ) 36.Kf4 Kg7 
37.e4 Rd7 38.e5 Rd4+ $6 ( 38...g5+ $11 ) 39.Kf3 Rd7 40.Ke4 a6 $2 ( {Las 
negras pierden la última oportunidad de impedir el avance de los peones 
blancos.} 40...g5 $11 ) 41.f4 Rd2 42.Rc7 Rxa2 43.Rxb7 Re2+ 44.Kd5 Rd2+ 45.
Kc6 Re2 ( 45...Rd4 ) 46.Kd6 Kf8 47.Rb8+ Kg7 48.f5 gxf5 49.gxf5 h5 50.Rb7 
Kf8 ( 50...Kg8 51.e6 fxe6 52.fxe6 h4 53.Rb8+ Kg7 54.e7 {, ganando.} ) 51.
f6 Rd2+ 52.Kc5 Kg8 53.Rb8+ Kh7 54.e6 Rc2+ 55.Kd4 {[Una gran lección en 
finales me dio el GM Nogueiras. ] [Comentarios: IM Héctor Leyva. (1999). 
|| Fuente: Leyva, Héctor. Art culo "El GM Jesús Nogueiras primer 
clasificado para el Mundial del 2000". ReseÅ„a y selección de partidas del
Torneo Zonal 2.3 Absoluto FIDE 1999. Notas Maestras del maestro 
internacional Héctor Leyva Paneque. Sección Columnas de Ajedrez. Sitio web
SUPERAJEDREZ. (1999, nota número 02). Espacio virtual oriundo de 
Argentina. Estuvo disponible hasta el aÅ„o 2003 en la dirección: 
http://www.ciudadfutura.com/ superajedrez/zonal23.htm ]} 1-0